| 000 | 00432 a2200169 4500 | ||
|---|---|---|---|
| 003 | Nust | ||
| 005 | 20170207153342.0 | ||
| 040 | _cNust | ||
| 082 | _a005.1 | ||
| 100 | _aMajoka , Ahmed Muzaffar Capt BESE-02 | ||
| 245 |
_aActivex control for data compession techniques _cCapt Muzaffar Ahmed Majoka BESE-02 |
||
| 260 |
_bMCS _c2000 |
||
| 300 | _a73p | ||
| 538 | _aT4 And Shelf No 2 | ||
| 650 | _aUG Projects | ||
| 651 | _aUG CS Projects | ||
| 942 | _cTHS | ||
| 999 |
_c184346 _d184346 |
||